| 000 | 00692nam a22001577a 4500 | ||
|---|---|---|---|
| 003 | OSt | ||
| 005 | 20151106153045.0 | ||
| 008 | 151106b xxu||||| |||| 00| 0 eng d | ||
| 040 | _cRUA | ||
| 082 | _aFOR HEN 2000 B126 Or.1 | ||
| 100 |
_93460 _aHENG, SEYHA. |
||
| 245 | _aCollection and utilization of non-timber forest products in suramrit-kossomak " kirirum" national park, ការប្រមូល និងប្រើប្រាស់អនុផលព្រៃឈើក្នុងតំបន់ឧទ្យានជាតិសិរាម្រិត-កុសមៈ"គិរីរម្យ" | ||
| 260 |
_aPhnom Penh _bRUA _c2000 |
||
| 300 |
_a50p. _bill. _c29cm. |
||
| 942 |
_2ddc _cFOR |
||
| 999 |
_c3231 _d3231 |
||